000 00585nam a2200181 a 4500
005 20241026063725.0
008 991125s1970 mx 000 0 spa u
035 _aUPN01000050746
049 _aCG
050 4 _aQA11 T4.18
_bno.16
245 0 0 _aRecopilación, organización e interpretación de datos /
_cNational Council of Teachers of Mathematics ; tr. Federico Velasco Coba
260 _aMéxico :
_bTrillas,
_c1970
300 _a58 p
440 0 _aTemas de matemáticas. Cuaderno;
_v16
650 4 _aMatemáticas
_xMetodología
_924466
904 _aAC
_b050748
905 _aLibro
999 _c50746
_d50746